Quiz o filmach Marvel - Statystyki

Ogólne statystyki
  • Ten quiz został rozwiązany 261 razy
  • Średni wynik to 37 z 88
Statystyki odpowiedzi
Rok Nazwa filmu % Poprawnych
2008 Iron Man
93%
2003 Hulk
89%
2008 Incredible Hulk / Hulk
89%
2012 Avengers
86%
2015 Avengers: Czas Ultrona /Avengers
86%
2019 Avengers:Koniec gry /Avengers
86%
2018 Avengers: Wojna bez granic /Avengers
86%
2014 Kapitan Ameryka: Zimowy żołnierz / Thor
86%
2021 Spider-Man: Bez drogi do domu /Spider-Man
85%
1979 Kapitan Ameryka
85%
2011 Kapitan Ameryka: Pierwsze starcie /Kapitan Ameryka
85%
2016 Kapitan Ameryka: Wojna bohaterów /Kapitan Ameryka
85%
2014 Niesamowity Spider-Man 2 /Spider-Man
85%
2012 Niesamowity Spider-Man /Spider-Man
85%
2002 Spider-Man
85%
2019 Spider-Man: Daleko od domu / Spider-Man
85%
2017 Spider-Man: Homecoming /Spider-Man
85%
2018 Spider-Man: Poprzez multiwersum /Spider-Man
85%
2011 Thor: miłość i grom /Thor
84%
2022 Thor: Miłość i grom /Thor
84%
2013 Thor: Mroczny świat /Thor
84%
2017 Thor: Ragnarok /Thor
84%
2010 Iron Man 2
67%
2014 Strażnicy Galaktyki
67%
2020 Czarna Wdowa
66%
2013 Iron Man 3
65%
2022 Czarna Pantera: Wakanda w moim sercu /Czarna Pantera
60%
2015 Ant-Man
57%
2023 Ant-Man i Osa: Kwantomania /Ant-Man
57%
2000 X-Men
57%
2016 X-Men: Apokalipsa /X-Men
57%
2009 X-Men Geneza: Wolverinena /X-Men
57%
2019 X- Men: Mroczna Phoenix /X- Men
57%
2006 X-Men: Ostatni Bastion /X-Men
57%
2011 X-Men: Pierwsza klasa /X-Men
57%
2014 X-Men: Przeszłość, która nadejdzie /X-Men
57%
2019 Kapitan Marvel
56%
1978 Doctor Strange
54%
2016 Doctor Strange
54%
2018 Był sobie Deadpool /Deadpool
44%
2016 Deadpool
44%
2005 Fantastyczna Czwórka
39%
2015 Fantastyczna Czwórka
39%
2007 Fantastyczna Czwórka 2: Narodziny Srebrnego Surfera /Fantastyczna Czwórka
39%
2003 Daredevil
32%
2018 Venom
32%
2013 Wolverine
32%
2023 Marvels
29%
2004 Spider-Man 2
29%
2007 Spider-Man 3
28%
2017 Logan
27%
2004 Blade - Mroczna Trójca /Blade
24%
2002 Blade - Wieczny łowca 2 /Blade
24%
1998 Blade - Wieczny łowca /Blade
24%
2017 Strażnicy Galaktyki 2
24%
2023 Strażnicy Galaktyki 3
23%
1989 Punisher
22%
2004 Punisher
22%
2012 Punisher: Dirty Laundry / Punisher
22%
2008 Punisher: Strefa Wojny /Punisher
22%
2005 Elektra
20%
2007 Ghost Rider
19%
2018 Ant-Man i Osa
15%
1986 Kaczor Howard
13%
2003 X-Men 2
13%
2018 Deadpool 2
11%
2022 Morbius
11%
1998 Nick Fury
10%
2012 Ghost Rider 2
7%
1979 Kapitan Ameryka 2
6%
1990 Kapitan Ameryka 3
5%
2020 Nowi mutanci
5%
2018 Black Panther
4%
2022 Doktor Strange w multiwersum obłędu
4%
1997 Faceci w Czerni
4%
2020 King's Man: Pierwsza misja /King's Man
4%
2015 Kingsman: Tajne służby /Kingsman
4%
2005 Man-Thing
4%
1996 Generation X
2%
2010 Kick-Ass
2%
2014 Wielka Szóstka
2%
2002 Faceci w Czerni 2
1%
2012 Faceci w Czerni 3
1%
1994 Fantastyczna cwórka
1%
1989 Hulk przed sądem
1%
2013 Kick-Ass 2
1%
2017 Kingsman: Złoty krąg
1%
1988 Powrót Niesamowitego Hulka
1%
Nie znaleziono quizów pasujących do podanych kryteriów
Rozkład punktacji
Procent ludzi z każdym wynikiem
Percentyl według liczby udzielonych odpowiedzi
Twoja historia wyników
Nie rozwiązałeś tego quizu